[Event "3rd Du Te Cup 2019"]
[Site "Shenzhen CHN"]
[Date "2019.04.27"]
[Round "10.3"]
[White "Giri,A"]
[Black "Jakovenko,D"]
[Result "1-0"]
[WhiteElo "2797"]
[BlackElo "2719"]

1.c4 Nf6 2.g3 e6 3.Bg2 d5 4.Nf3 Be7 5.d4 O-O 6.Nc3 dxc4 7.Ne5 c5 8.dxc5 Qxd1+
9.Nxd1 Bxc5 10.O-O Nc6 11.Bxc6 bxc6 12.Be3 Bb6 13.Bxb6 axb6 14.Nc3 Bd7 15.Rfd1 Rfd8
16.Nxc4 b5 17.Ne5 Be8 18.Rxd8 Rxd8 19.Nd3 Kf8 20.a4 bxa4 21.Rxa4 Nd7 22.Ra7 Rc8
23.Ne4 c5 24.Nd6 Rb8 25.Rc7 Ke7 26.Nb7 Kf6 27.b3 g5 28.f3 h6 29.Kf2 Ra8 30.Nd6 Ke7
31.Rc8 Rxc8 32.Nxc8+ Kd8 33.Nd6 Ke7 34.Nb7 Nb6 35.Nbxc5 f6 36.f4 gxf4 37.gxf4 f5
38.Ke3 Bh5 39.Nb4 Kd6 40.Nb7+ Kc7 41.Nc5 Kd6 42.Ncd3 Nd7 43.h3 Nf6 44.Ne5 Ne4
45.Na2 Kd5 46.Nc4 Kc5 47.Nb2 Kd6 48.Nc4+ Kc5 49.Nb2 Kd6 50.Nd3 Kd5 51.Ne5 Kc5
52.Nc1 Nc3 53.Ned3+ Kd5 54.Nf2 Kc5 55.Kd2 Nd5 56.e3 Nf6 57.Ncd3+ Kd5 58.Ne5 Kc5
59.Nfd3+ Kd5 60.Nb4+ Kc5 61.Na2 Ne4+ 62.Kc2 Nd6 63.Nc3 Be8 64.Nd3+ Kb6 65.Kd2 Bc6
66.h4 Bg2 67.Ke2 Bb7 68.Na4+ Kb5 69.Nc3+ Kb6 70.Kd2 Bg2 71.Na4+ Kc6 72.Ne5+ Kb5
73.Kc2 Ne8 74.Nc3+ Kc5 75.Nd3+ Kd6 76.b4 Nf6 77.Ne5 Bf1 78.Kd2 h5 79.Nd3 Bg2
80.b5 Ng4 81.Na4 Nf6 82.Kc3 Ne4+ 83.Kd4 Nd2 84.Ne5 Nb3+ 85.Kc3 Nc1 86.Kb4 Kc7
87.b6+ Kb7 88.Kb5 Bf1+ 89.Kc5 Ne2 90.Kd6 Ng3 91.Nd7 Bg2 92.Nac5+ Kc8 93.Kxe6 Nf1
94.e4 Bxe4 95.Nxe4 fxe4 96.Nc5 Nd2 97.Kd5  1-0